000 00391cam a2200157ua 4500
020 _a8177540785
082 _a519.5063
_bMAN/AG
100 _aMandal, R C .
_9922
245 _aAgricultural statistics: Techniques and Procedures
250 _a1 /
260 _aJodhpur:
_bAgrobios (India)
_c2007
300 _a200 ; .
500 _a*CSS
700 1 _aNambiar, P T N .
_9923
942 _cBK
999 _c1956
_d1956